Giacomo Alberione (Record n. 98513)
[ formato base ]
| 000 -LEADER | |
|---|---|
| fixed length control field | 00871nam a22001817a 4500 |
| 003 - CONTROL NUMBER IDENTIFIER | |
| control field | IT-RoPau |
| 005 - DATE AND TIME OF LATEST TRANSACTION | |
| control field | 20220918181105.0 |
| 008 - FIXED-LENGTH DATA ELEMENTS--GENERAL INFORMATION | |
| fixed length control field | 130513b xxu||||| |||| 00| 0 eng d |
| 040 ## - CATALOGING SOURCE | |
| Transcribing agency | IT-RoPau |
| 100 ## - MAIN ENTRY--PERSONAL NAME | |
| Personal name | Autori vari |
| 9 (RLIN) | 90 |
| 245 ## - TITLE STATEMENT | |
| Title | Giacomo Alberione |
| Remainder of title | cenni di formazione e ultimi giorni della sua vita |
| 250 ## - EDITION STATEMENT | |
| Edition statement | 1° ed |
| 260 ## - PUBLICATION, DISTRIBUTION, ETC. (IMPRINT) | |
| Place of publication, distribution, etc. | Roma |
| Name of publisher, distributor, etc. | SSP |
| Date of publication, distribution, etc. | 1971 |
| 300 ## - PHYSICAL DESCRIPTION | |
| Extent | 30 pp. |
| Dimensions | 23 cm |
| 490 ## - SERIES STATEMENT | |
| Series statement | EP |
| Volume/sequential designation | Quaderni di spiritualità 3 |
| 520 ## - SUMMARY, ETC. | |
| Summary, etc. | Indice<br/><br/>Presentazione<br/>Don Francesco Zecchinati - Linee di formazione paolina negli esempi di vita di Don G. Alberione<br/>Fr. Elio Molino - L'esperienza di un discepolo circa i valori paolini della pietà e dell'apostolato<br/>Fr. Silvano de Blasio - M. Giuditta Benzo - Parte I - La giornata del Primo Maestro negli ultimi tre anni circa di vita <br/>Parte II - Gli ultimi giorni di vita del Primo Maestro<br/><br/> |
| 942 ## - ADDED ENTRY ELEMENTS (KOHA) | |
| Source of classification or shelving scheme | Dewey Decimal Classification |
| Koha item type | LIBRO |
| Withdrawn status | Lost status | Source of classification or shelving scheme | Damaged status | Not for loan | Home library | Current library | Date acquired | Total Checkouts | Full call number | Barcode | Date last seen | Price effective from | Koha item type |
|---|---|---|---|---|---|---|---|---|---|---|---|---|---|
| Dewey Decimal Classification | Buone Condizioni | Not For Loan | PAULUS-BIBLIOTECA | PAULUS-BIBLIOTECA | 13/05/2013 | P D2 | SpFp 28 | 13/05/2013 | 13/05/2013 | LIBRO | |||
| Dewey Decimal Classification | Buone Condizioni | Not For Loan | PAULUS-BIBLIOTECA | PAULUS-BIBLIOTECA | 13/05/2013 | P D2 | 13/05/2013 | 13/05/2013 | LIBRO | ||||
| Dewey Decimal Classification | Buone Condizioni | Not For Loan | PAULUS-BIBLIOTECA | PAULUS-BIBLIOTECA | 13/05/2013 | P D2 | 13/05/2013 | 13/05/2013 | LIBRO |